Decisión y psicología al servicio de la dirección / (Record no. 47137)

MARC details
000 -LEADER
campo de control de longitud fija 00626nam a2200205 i 4500
001 - NÚMERO DE CONTROL
campo de control 47137
003 - IDENTIFICADOR DE NÚMERO DE CONTROL
campo de control ES-MaACL
005 - FECHA Y HORA DE LA ÚLTIMA TRANSACCIÓN
campo de control 20230906161517.0
007 - CAMPO FIJO DE DESCRIPCIÓN FÍSICA--INFORMACIÓN GENERAL
campo de control de longitud fija t|
008 - DATOS DE LONGITUD FIJA--INFORMACIÓN GENERAL
campo de control de longitud fija 030403s1964 sp ||||1| spa d
100 1# - ENTRADA PRINCIPAL--NOMBRE DE PERSONA
Nombre de persona Conty, J. M.
9 (RLIN) 40331
245 10 - MENCIÓN DEL TÍTULO
Título Decisión y psicología al servicio de la dirección /
Mención de responsabilidad, etc. por J. M. Conty ; traducido por Ricardo Riccardi.
260 ## - PUBLICACIÓN, DISTRIBUCIÓN, ETC.
Lugar de publicación, distribución, etc. Bilbao :
Nombre del editor, distribuidor, etc. Deusto,
Fecha de publicación, distribución, etc. [1964]
300 ## - DESCRIPCIÓN FÍSICA
Extensión 286 p. ;
Dimensiones 21 cm.
490 1# - MENCIÓN DE SERIE
Mención de serie Colección gestión
700 1# - ENTRADA AGREGADA--NOMBRE PERSONAL
Nombre de persona Riccardi, Riccardo.
9 (RLIN) 96873
830 0# - PUNTO DE ACCESO ADICIONAL DE SERIE-TÍTULO UNIFORME
Título uniforme Colección gestión
9 (RLIN) 180966
852 ## - LOCALIZACIÓN
Ubicación ES-MaACL
Número de control de estantería C-26782
Sublocalización o colección R.55234
Holdings
Estatus retirado Estado de pérdida Estado de daño No para préstamo Biblioteca de origen Biblioteca actual Ubicación en estantería Fecha de adquisición Fuente de adquisición Total de préstamos Signatura topográfica completa Código de barras Visto por última vez Precio de reemplazo Tipo de ítem Koha
        Biblioteca del Ateneo de Madrid Biblioteca del Ateneo de Madrid Depósito 2 17/01/2008     C-26782 1049581 23/02/2023 23/02/2023 Libro impreso